(NEW) Champions 2025 Players by Country - Statistics

General Stats
  • This quiz has been taken 239 times
  • The average score is 16 of 20
Answer Stats
Country Representation Answer % Correct
United States 14 / 80 (18%) bang | brawk | crashies | Ethan | jawgemo | leaf | N4RRATE | s0m | skuba | trent | valyn | Verno | zekken | Zellsis
99%
Russia 8 / 80 (10%) Chronicle | Cloud | Jemkin | nAts | Rarga | something | trexx | vo0kashu
99%
China 12 / 80 (15%) Akeman | CHICHOO | Flex1n | Jieni7 | Knight | Levius | nobody | rushia | Smoggy | Viva | whzy | ZmjjKK
98%
Brazil 4 / 80 (5%) artziN | aspas | cortezia | xenom
97%
United Kingdom 3 / 80 (4%) benjyfishy | Boaster | keiko
95%
South Korea 10 / 80 (13%) BuZz | DH | Estrella | Flashback | free1ng | HYUNMIN | iZu | MaKo | Meteor | stax
95%
Indonesia 4 / 80 (5%) f0rsakeN | Kushy | monyet | xffero
91%
Turkey 3 / 80 (4%) Alfajer | RieNs | Wo0t
89%
Poland 5 / 80 (6%) GRUBINHO | kaajak | kamo | paTiTek | westside
86%
Canada 2 / 80 (3%) JonahP | mada
86%
Morocco 1 / 80 (1%) johnqt
85%
Lithuania 2 / 80 (3%) Boo | MiniBoo
82%
Singapore 2 / 80 (3%) Jinggg | nephh
82%
Philippines 1 / 80 (1%) PatMen
73%
Malaysia 1 / 80 (1%) d4v41
71%
Romania 1 / 80 (1%) ara
64%
Belgium 1 / 80 (1%) Flickless
62%
Taiwan 3 / 80 (4%) happywei | Nicc | SpiritZ1
60%
Vietnam 1 / 80 (1%) crazyguy
57%
Hong Kong 2 / 80 (3%) coconut | NoMan
51%
No matching quizzes found
Score Distribution
Percent of People with Each Score
Percentile by Number Answered
Your Score History
You have not taken this quiz